00597 a2200193 450000500170000000800410001701000140005802000110007203500130008303700150009608200100011110000230012124500900014425000130023426000450024727000640029230000300035649000170038620080827144120.0080827t xxu||||| |||| 00| 0 eng d aENG-87283 c180.00 aEN-70816 bDBAD / PUB a133.5 aKrishnamurti, K.S. aFundamental principles of astrology (Hindu, western & stellar )cby K.S. Krishnamurti a11th ed. aChennaibKrishnamurti Publicationsc2005 aF21-A, First floo0r, Spencer Plaza, 769, Anna RoadbChennai axvi, 344 p.c20 cm (Pbk.) aReader No.II